[Event "COL-ch U15 Girls"]
[Site "Bogota"]
[Date "2019.12.08"]
[Round "6.5"]
[White "Hernandez Colmenares, Melissa Yesly"]
[Black "Tovar Estevez Breton, Isabela"]
[Result "0-1"]
[WhiteElo "1600"]
[BlackElo "1400"]
[PlyCount "114"]
[EventDate "2019.12.06"]
[EventType "swiss"]
[EventRounds "6"]
[EventCountry "COL"]
[SourceTitle "EXT 2024"]
[Source "ChessBase"]
[SourceDate "2023.10.10"]
[SourceVersion "1"]
[SourceVersionDate "2023.10.10"]
[SourceQuality "1"]

1. e4 e5 2. Bc4 Nf6 3. Nf3 Nc6 4. Nc3 Nxe4 5. Nxe4 d5 6. Qe2 dxc4 7. Qxc4 Be6 8. Qe2 h6 9. 0-0 f5 10. Nc5 Bxc5 11. d3 Qe7 12. c3 Bd6 13. Be3 e4 14. dxe4 fxe4 15. Nd2 Bf5 16. Rad1 Qe5 17. g3 0-0-0 18. Bf4 Qe7 19. Qb5 Bxf4 20. Qxf5+ Kb8 21. Qxf4 Rhf8 22. Qe3 Rfe8 23. Rfe1 Qg5 24. f4 exf3 25. Qxe8 Rxe8 26. Rxe8+ Nd8 27. Nxf3 Qg4 28. Z0 a6 29. Rexd8+ Ka7 30. Kg2 Qc4 31. R8d7 Qe2+ 32. Kh3 Qxf3 33. Rxc7 Qxd1 34. c4 Qd6 35. Rxg7 Qe6+ 36. Kh4 Qf6+ 37. Kh3 Qxg7 38. b4 Qd7+ 39. g4 Qd3+ 40. Kh4 Qxc4 41. Kh5 Qxb4 42. Kxh6 Qxg4 43. a3 b5 44. Kh7 b4 45. axb4 Qxb4 46. Kg6 Qd6+ 47. Kf5 Qxh2 48. Ke4 Qd2 49. Ke5 a5 50. Ke4 a4 51. Kf3 Qd4 52. Ke2 Qc3 53. Kf2 a3 54. Ke2 a2 55. Kd1 a1R+ 56. Ke2 Ra2+ 57. Kf1 Qc1# 0-1